Путешествия: пер. с чеш.

গ্রন্থ-পঞ্জীর বিবরন
প্রধান লেখক: Чапек К. Карел
অন্যান্য লেখক: Аросева Н. (переводчик), Бернштейн И. (автор сопроводительного материала)
ভাষা:রুশ
প্রকাশিত: Москва, Художественная литература, 1988
বিষয়গুলি:
বিন্যাস: গ্রন্থ
KOHA link:https://koha.lib.tpu.ru/cgi-bin/koha/opac-detail.pl?biblionumber=359266

MARC

LEADER 00000nam0a2200000 4500
001 359266
005 20231102011156.0
035 |a (RuTPU)RU\TPU\retro\16538 
090 |a 359266 
100 |a 20201007d1988 m y0rusy50 ca 
101 1 |a rus  |c cze 
102 |a RU 
105 |a a z 001zy 
200 1 |a Путешествия  |e пер. с чеш.  |f К. Чапек  |g пер. Н. Аросевой; примеч. И. Бернштейна 
210 |a Москва  |c Художественная литература  |d 1988 
215 |a 608 с.  |c ил. 
320 |a Комментарии: с. 585-607 
510 1 |a Cestopisy  |z cze 
600 1 |a Чапек  |b К.  |c чешский писатель-сатирик  |f 1880-1938  |g Карел  |2 stltpush  |3 (RuTPU)RU\TPU\pers\17083  |9 6223 
606 1 |a Чешская литература  |2 stltpush  |3 (RuTPU)RU\TPU\subj\80268  |9 88014 
610 1 |a художественная литература 
610 1 |a очерки 
610 1 |a очерки и рассказы 
610 1 |a путешествия 
675 |a 885  |v 4 
700 1 |a Чапек  |b К.  |c чешский писатель-сатирик  |f 1880-1938  |g Карел  |2 stltpush  |3 (RuTPU)RU\TPU\pers\17083  |4 070  |9 6223 
702 1 |a Аросева  |b Н.  |4 730 
702 1 |a Бернштейн  |b И.  |4 770 
801 1 |a RU  |b 63413507  |c 20201007 
801 2 |a RU  |b 63413507  |c 20210602  |g RCR 
942 |c BK